000 00470nam a22001697a 4500
005 20251108175529.0
008 250721s2008 xx 000 0 eng d
082 1 4 _aJ/F/AMA
100 1 _aamato, mary
245 1 4 _athe chicken of the family /
264 1 _aNew York :
_bG.P putnam's sons,
_c2008.
650 1 7 _aFiction
653 _aأطفال مرحلة متوسطة (6-9) سنوات
700 1 _aDurand, Delphine
_eIllus.
942 _2ddc
_cBK
999 _c136282
_d136282